Българите (Запис номер 88256)
[ съкратено ]
| 000 -Лидер | |
|---|---|
| Контролно поле с фиксирана дължина | 01764nam a2200385 c 4500 |
| 003 - Код на организацията, давaща контролен номер | |
| Контролно поле | BLK |
| 005 - Дата и час на последна редакция | |
| Контролно поле | 20230216123044.0 |
| 008 - Елементи от данни с фиксирана дължина | |
| fixed length control field | 180408b bul|||||r ||||||| ||bul|| |
| 010 ## - Наследен системен номер | |
| LC control number | KNG00092918000 |
| 020 ## - Международен стандартен номер на книга ISBN | |
| Международен стандартен номер на книга ISBN | 978-954-528-770-1 |
| -- | издат.: Труд |
| 040 ## - Източник на каталожния запис | |
| Идентификатор на билиотеката - собственик на записа | BLK |
| 041 ## - Код за език | |
| Код за езика на текст/звукозапис или на отделно заглавие | Български |
| Код за езика КДБФ | Български |
| 080 ## - УДК | |
| Текстов определител УДК | История на България |
| УДК код - определител по УДК | 94(497.2) |
| УДК определител | (02.062) |
| УДК - код + определител | 94(497.2)(02.062) |
| 080 ## - УДК | |
| Текстов определител УДК | История на Русия и СССР. Вж и 936 ; 957 |
| УДК код - определител по УДК | 94(470) |
| УДК определител | (02.062) |
| УДК - код + определител | 94(470)(02.062) |
| 100 1# - Редна дума - Автор | |
| Автор | Петков, Пламен |
| Авторска отговорност | първи автор |
| R(LIN) | 368711 |
| 139 ## - Редно поле | |
| Редна дума | Петков, Пламен |
| Авторски знак | Петко - П 44 |
| 245 10 - Сведения за заглавието | |
| Заглавие | Българите |
| Подзаглавни данни | 30 000 километра в търсене на прародината |
| Редно поле (дума) | Пламен Петков; фотогр. Красимир Михайлов. |
| 250 ## - Област на изданието | |
| Сведения за изданието | 2. изд. |
| 257 ## - Страна на издаване | |
| Страна на създаване/издаване | България |
| 260 ## - Област на издателските данни | |
| -- | София |
| Име на издателя, разпространителя и проч. | Труд |
| Година на издаване | 2008 |
| Печатница | София : Унив. изд. Св. Кл. Охридски |
| 300 ## - Физическа характеристика | |
| Страници | 288 с., ил., к. |
| Размери/Мащаб | 27 см |
| 380 ## - Жанр | |
| Жанр | История |
| 500 ## - Общи забележки | |
| Забележка | 1. изд. 2007 със загл. Българите : Историята на едно уникално пътуване : 30 000 километра в търсене на прародината. - Други фотогр. : Пл. Петков, Д. Кочунски. - Офс. изд. |
| 650 #4 - Допълнително описание по предмет – тема | |
| Основно описание – тема или топоним | Българи - произход |
| 9 (RLIN) | 264498 |
| 651 #4 - Допълнително описание по предмет - топоним | |
| Географско понятие | България |
| 9 (RLIN) | 241624 |
| 653 ## - Ключова дума – ненормативна | |
| Ключова дума | българи |
| 653 ## - Ключова дума – ненормативна | |
| Ключова дума | прабългари |
| 653 ## - Ключова дума – ненормативна | |
| Ключова дума | българска история |
| 700 1# - Други автори (авторска отговорност) | |
| Лично име | Михайлов, Красимир |
| Автороска отговорност (Описва отношението между автора и произведението) | фотогр. |
| 9 (RLIN) | 303085 |
| 852 ## - Местоположение | |
| Форматна сигнатура | Цб ІІ 15916 |
| 856 4# - Електронен адрес и достъп | |
| Електронен формат | pdf - файл |
| Път до файла /url/ | |
| 856 4# - Електронен адрес и достъп | |
| Електронен формат | pdf - файл |
| Път до файла /url/ | |
| 942 ## - АРТИКУЛИ | |
| Вид на библиотечния материал | Книги |
| Скрит в OPAC | Не |
| Koha issues (borrowed), all copies | 7 |
| 944 ## - СЪЗДАВАНЕ И РЕДАКЦИЯ на ЗАПИСА | |
| Създаване/Редакция | Създаване |
| Дата на регистрацията/редакция | 08.12.2009 |
| Статус, дата на статуса | ф / |
| Служител, извършил регистрацията/редакцията | Людмила_Стоянова |
| 944 ## - СЪЗДАВАНЕ И РЕДАКЦИЯ на ЗАПИСА | |
| Създаване/Редакция | Редакция |
| Дата на регистрацията/редакция | 22.12.2011 |
| Статус, дата на статуса | ф / |
| Служител, извършил регистрацията/редакцията | |
| 999 ## - СИСТЕМНИ КОНТРОЛНИ НОМЕРА | |
| Koha biblionumber | 88256 |
| Koha biblioitemnumber | 88256 |
| Код за отписване | Код за изгубен артикул | Източник на класификационната схема | Код за повреда | Коз за рестрикции | Код за отдаване | Артикулен № | Име на библиотеката - собственик | Име на библиотеката, в която се намира в момента | Статус (Текущо местоположение) | Дата на вписване в системата | Местоположение - отдел | Цена в лева | Инвентарен номер | Систематично азбучна сигнатура | Баркод | Номер на екземпляра | Цена в евро | Служебна бележка | Служебен тип на артикула |
|---|---|---|---|---|---|---|---|---|---|---|---|---|---|---|---|---|---|---|---|
| Не е изгубен | Universal Decimal Classification | Не е повреден | без рестрикции | заемане за дома | 142952 | Регионална библиотека "Любен Каравелов" Русе | Регионална библиотека "Любен Каравелов" Русе | Заемна - подръчен фонд | 2009-12-08 | Заемна - подръчен фонд | 30.00 | 120000740170 | 94(497.2)/П 44 П | 120000740170 | 1 | 15.34 | Дост: Pk Вид: Ф N: 58 Дата: 08.12.2009 | Книги | |
| Не е изгубен | Universal Decimal Classification | Не е повреден | без рестрикции | ползва се в читалня | 142953 | Регионална библиотека "Любен Каравелов" Русе | Регионална библиотека "Любен Каравелов" Русе | Читалня | 2011-12-16 | Читалня | 35.00 | 120000755190 | Ч 94(497.2)/П 44 П | 120000755190 | 2 | 17.90 | Дост: Pk Вид: Ф N: 251 Дата: 15.12.2011 Дата инв: 28.03.2017 Бележки инв: Ч2017 | Книги |